| 000 | 00625nam a2200241 a 4500 | ||
|---|---|---|---|
| 999 |
_c4700 _d4700 |
||
| 001 | 4700 | ||
| 003 | BD-JhCC | ||
| 005 | 20171130094029.0 | ||
| 008 | 171130s19591967e a|||| ||a| 000 0 eng d | ||
| 035 | _a(BD-JhCC)4700 | ||
| 040 |
_aBD-JhCC _dBD-JhCC |
||
| 041 | _aeng | ||
| 082 |
_a930 _bUNS 1959 |
||
| 100 | _aUnstead, R. J. | ||
| 245 |
_aLooking at Ancient History / _cR. J. Unstead |
||
| 260 |
_aLondon : _bA. & C. Black Ltd, _c1959. |
||
| 300 |
_a111 p. : _c24 cm. _billu; |
||
| 650 | _aHistory Ancient | ||
| 650 | _aCivilization Ancient | ||
| 650 |
_aEconimic History _zAsia |
||
| 942 |
_2ddc _cBK |
||